000 00985cam a2200289 4500
001 3146263
003 ARRUPE
005 20141210144718.0
008 730927s1972 rh a 001 0 eng
010 _a 73170396
040 _aDLC
_cDLC
_dDLC
041 0 _aengnicsho
043 _af-rh---
050 0 0 _aQL731.R47
_bB86
082 0 0 _a599/.09/6891
245 0 4 _aThe Bundu book of mammals, reptiles, and bees.
260 _a[Salisbury]
_bPublished by Longman Rhodesia for the Standing Conference of National Voluntary Youth Organisations in Rhodesia
_c[1972]
300 _a126 p.
_billus. (part col.)
_c18 cm.
490 0 _aBundu book 5
650 0 _aMammals
_zZimbabwe.
_913289
650 0 _aReptiles
_zZimbabwe.
_913290
650 0 _aTracking and trailing.
_913291
650 0 _aBee stings.
_913292
710 2 _aStanding Conference of National Voluntary Youth Organisations in Rhodesia.
_913293
906 _a7
_bcbc
_corignew
_d4
_encip
_f19
_gy-gencatlg
942 _2lcc
_cSPC
999 _c121459
_d121459